000 00705nam a2200265Ia 4500
003 OSt
005 20221007102435.0
006 a|||||r|||| 00| 0
007 ta
008 221006b |||||||| |||| 00| 0 eng d
020 _a8177370561
024 _a10,342
037 _cTextual
040 _aLCO
_cLCO
_beng
041 _2eng
_aeng
082 _aZ2,267, P2
100 _aVashishth V. Au.
_9704553
245 0 _aLaw & Practice Of Intellectual Property Law
250 _a2nd
260 _aNew
_bDelhi Bharat Law House India
_c2002
300 _a1272
650 _aINTELLECTUAL PROPERTY
_9583124
942 _hZ2,267, P2
_cTEXL
999 _c1179905
_d1179905